Datum a čas kvízu
22
Celkem bodů
Celkový počet nahraných bodů na tomto kvízu bez doplňovacích otázek.
10.
Pořadí na kvízu
Konečné umístění týmu na tomto kvízu.
Zaznamenané odpovědi
| # | Otázka | Odpověď | Body | Výsledky |
|---|---|---|---|---|
| 1. | Radnice města Zubří na Vsetíns... | pařez | 0 | |
| 2. | Vládní krize v Itálii, která b... | Matteo Salvini | 0 | |
| 3. | Minulý týden byl zahájen 76. r... | Extase | 0 | |
| 4. | Mezinárodní tým vědců, do kter... | nosorožec tuponosý (bílý) | 0.5 | |
| 5. | Minulou neděli začalo basketba... | v Číně | 1 | |
| 6. | Ve které ze čtyř možností jsou... | C | 0 | |
| 7. | Nyní je Vaším úkolem seřadit c... | A | 0 | |
| 8. | Seřaďte tato periodika od těch... | D | 0 | |
| 9. | Seřaďte tyto filmy od toho, kt... | B | 1 | |
| 10. | V poslední otázce tématu Vám d... | C | 0 |